|
|
|
|
| LEADER |
00771caa a2200241 a 4500 |
| 001 |
024549 |
| 005 |
20250217100841.0 |
| 007 |
ta |
| 008 |
130412c2011 ag f 000 0 spa d |
| 999 |
|
|
|c 32316
|d 116116
|
| 040 |
|
|
|a AR-BeUNQ
|b spa
|c AR-BeUNQ
|d aacr
|
| 099 |
|
|
|a P-AR-PRI1
|
| 100 |
1 |
|
|a Bragoni, Beatriz
|9 3532
|
| 245 |
1 |
0 |
|a Contrastes de una experiencia política común :
|b vigencia de un relato sobre el pasado nacional /
|c Beatriz Bragoni.
|
| 300 |
|
|
|a p. 193-96
|
| 500 |
|
|
|a En : Dossier El siglo XIX de Tulio Halperin Donghi.
|
| 600 |
1 |
4 |
|a Halperin Donghi, Tulio,
|d (1926- ).
|
| 648 |
|
4 |
|a Siglo XIX
|
| 650 |
|
7 |
|a Crítica literaria
|2 ttll
|
| 650 |
|
7 |
|a Ideologías
|2 spines
|
| 650 |
|
7 |
|a Historiografía argentina
|2 tha
|
| 651 |
|
7 |
|a Argentina
|2 spines
|
| 942 |
|
|
|c ANA
|n 0
|